| 000 -LEADER |
| fixed length control field |
00482nam a22001697a 4500 |
| 008 - FIXED-LENGTH DATA ELEMENTS--GENERAL INFORMATION |
| fixed length control field |
151202b xxu||||| |||| 00| 0 eng d |
| 020 ## - INTERNATIONAL STANDARD BOOK NUMBER |
| International Standard Book Number |
0873714202 |
| 041 0# - LANGUAGE CODE |
| Language code of text/sound track or separate title |
eng |
| 080 ## - UNIVERSAL DECIMAL CLASSIFICATION NUMBER |
| Universal Decimal Classification number |
614.7 |
| 100 1# - Rafti |
| Rafti |
Koren, Herman. |
| 245 10 - TITLE STATEMENT |
| Title |
Illustrated dictionary of environmental health & occupational safety / |
| Statement of responsibility, etc |
Herman Koren. |
| 260 ## - |
| -- |
Boca Raton : |
| -- |
Lewis Publishers, |
| -- |
1996. |
| 300 ## - |
| -- |
407 f. : |
| -- |
me ill. ; |
| -- |
26 cm. |
| 650 #0 - |
| -- |
Shëndeti |
| 650 #0 - |
| -- |
Mjedisi |
| 942 ## - ADDED ENTRY ELEMENTS (KOHA) |
| Source of classification or shelving scheme |
|
| Item type |
Books |